| 000 | 00786nam a2200265Ia 4500 | ||
|---|---|---|---|
| 003 | OSt | ||
| 005 | 20221005033447.0 | ||
| 006 | a|||||r|||| 00| 0 | ||
| 007 | ta | ||
| 008 | 221004b |||||||| |||| 00| 0 eng d | ||
| 020 | _c500 | ||
| 024 | _a89091 | ||
| 037 |
_b1572, 24/12/2007, Vidyanidhi Prakashan _cTextual |
||
| 040 |
_aCRL _cCRL _beng |
||
| 041 |
_2eng _aeng |
||
| 082 | _aR64x1,1:g, P7.2 | ||
| 100 | _aThadani N. V. | ||
| 245 | 0 | _aHindu philosophy of religion | |
| 260 |
_aDelhi _bBharitya Kala Prakashan India _c2007 |
||
| 300 |
_axiv,286p. _ccm. |
||
| 500 | _aPart II: mimamsa sutra of jaimini | ||
| 650 | _aPHILOSOPHY | ||
| 942 |
_hR64x1,1:g, P7.2 _cTEXL _2cc |
||
| 999 |
_c941551 _d941551 |
||